000 00555nam a22001457a 4500
005 20241221111549.0
008 241004b |||||||| |||| 00| 0 eng d
050 _aDPer050 M72 January-March 2018 v. 66 no. 8-10
100 _aDel Socorro, Teresita R.
_eauthor.
_962227
245 _aStrong school-community partnership /
_cTeresita R. Del Socorro.
260 _aPhilippines;
_bPublishers Association of the Philippines, Inc.,
_cJanuary 2019.
300 _aVolume 66, pages 305.
700 _aDel Socorro, Teresita R.
_eauthor.
_962228
942 _2ddc
_cPER
999 _c22200
_d22200